Bounded integral operators on L2 spaces /
Guardado en:
| Autor Principal: | |
|---|---|
| Otros Autores: | |
| Formato: | Libro |
| Idioma: | English |
| Publicado: |
Berlin ; New York :
Springer-Verlag,
1978.
|
| Series: | Ergebnisse der Mathematik und ihrer Grenzgebiete ;
96. |
| Materias: | |
| Etiquetas: |
Agregar Etiqueta
Sin Etiquetas, Sea el primero en etiquetar este registro!
|
| LEADER | 00882cam a2200253 a 4500 | ||
|---|---|---|---|
| 001 | MAT.inmabb005865 | ||
| 008 | 790910s1978####wb#######b####001#0#eng## | ||
| 005 | 20130305172225.0 | ||
| 245 | 1 | 0 | |a Bounded integral operators on L2 spaces / |c P. R. Halmos, V. S. Sunder. |
| 260 | |a Berlin ; |a New York : |b Springer-Verlag, |c 1978. | ||
| 300 | |a xv, 134 p. ; |c 25 cm. | ||
| 490 | 1 | |a A Series of modern surveys in mathematics ; 96 | |
| 504 | |a Incluye referencias bibliográficas e índice. | ||
| 510 | 4 | |a MR, |c 80g:47036 | |
| 020 | |a 0387088946 | ||
| 100 | 1 | |a Halmos, Paul R. |q (Paul Richard), |d 1916-2006. | |
| 700 | 1 | |a Sunder, V. S. | |
| 830 | 0 | |a Ergebnisse der Mathematik und ihrer Grenzgebiete ; |v 96. | |
| 650 | 0 | |a Integral operators. | |
| 650 | 0 | |a Lp spaces. | |
| 084 | |a 47B38 (47G10) |2 msc2000 | ||
| 010 | |a 79312800 | ||
| 040 | |a DLC |c DLC |d DLC | ||
| 859 | |h 47 |i H194b |p A-4961 |b BIB. MATEMATICA | ||
